000 00878nas a2200301 4500
001 BR0603759
003 BR-BrBNA
005 20231205110254.0
007 ta
008 230509b bl.|||p| |||| 00| 00por d
040 _aBR-BrBNA
_bpor
_cBiblioteca Nacional de Agricultura
041 _a(Pt)
072 _aQ04
100 1 _aPereira, A.V.
100 1 _aRomanelli, P.F.
100 1 _aScriboni, A.B.
100 1 _aOrlandini, F.P.
245 1 _aRendimentos do abate e composição da carne de ema (Rhea americana)
650 _aEMA
650 _aCARNE
650 _aAVE SELVAGEM
650 _aQUALIDADE
650 _aPROPRIEDADE ORGANOLÉPTICA
650 _aSÃO PAULO
773 0 _tCiência e Tecnologia de Alimentos (Brazil)
_xISSN 0101-2061
_g(Jul-Sep 2006), v. 26(3) p. 632-638
_wBR0603759
909 _a202311
_bLúcia
_c55
_dLúcia Elande
942 _2AGRIS
_n0
_cANA
999 _c186770
_d186770